Normal view
MARC view
- الخدمة الاجتماعية - رعاية الطفولة
Entry Topical Term
001 - CONTROL NUMBER
- control field: 13724
003 - CONTROL NUMBER IDENTIFIER
- control field: JO-AjAnu
005 - DATE AND TIME OF LATEST TRANSACTION
- control field: 20230606072508.0
008 - FIXED-LENGTH DATA ELEMENTS
- fixed length control field: 230606|| aca||aabn | a|a d
040 ## - CATALOGING SOURCE
- Original cataloging agency: JO-AjAnu
- Transcribing agency: JO-AjAnu
150 ## - HEADING--TOPICAL TERM
- Topical term or geographic name entry element: الخدمة الاجتماعية - رعاية الطفولة
670 ## - SOURCE DATA FOUND
- Source citation: Work cat.: (JO-AjAnu)7058: تأليف: العاصي، ثناء ؛ تقديم: ابراهيم عصمت مطاوع, author 13723, قرى الاطفال